00736nam a2200193 a 4500020001800000090001400018041000800032100003600040245010200076260005300178300001000231662002300241700004200264700004700306700004000353942001200393999001500405952012200420 a9789588317205 aLBb05354 aspa aAgudelo Córdoba, Edwin911439 aComo conservar y utilizar los desperdicios del pescado bel ensilado biológico como alternativa aBogotábInstituto Alexander von Humboldtc2007 a32 p. aColombiabAmazonas aAlonso González, Juan Carlos915075 aCuevas Tarazona, Diana Concepción992619 aNúñez Dasilva, Francisco992620 cIMPRESO c6652d6652 00102ddc40708GENERALaVillabVillad2008-11-10l0oLB-05354p026557r2012-12-04 00:00:00tEj.1w2012-12-04yLIBRO